[Event "zonal 1.4 (w)"]
[Site "Nadole POL"]
[Date "1995.06.??"]
[Round "2"]
[White "Ptacnikova, Lenka"]
[Black "Olarasu, Gabriela"]
[Result "0-1"]
[WhiteElo "2185"]
[BlackElo "2270"]
[EventDate "1995.06.03"]
[PlyCount "82"]

1.e4 e5 2.Nf3 Nc6 3.Bb5 a6 4.Bxc6 dxc6 5.Nc3 Qd6 6.d4 exd4 7.Qxd4 Qxd4 8.
Nxd4 Bd7 9.Bg5 f6 10.Bf4 O-O-O 11.O-O-O Bb4 12.Nde2 Ne7 13.Rd3 Ng6 14.Bg3 
Ne5 15.Rdd1 Bc5 16.Nf4 Rhe8 17.Nd3 Nxd3+ 18.Rxd3 Be6 19.Rxd8+ Rxd8 20.Re1 
Bb4 21.a3 Bxc3 22.bxc3 c5 23.e5 f5 24.Bh4 Rd5 25.Rd1 Kd7 26.Rd3 h6 27.f4 
Rxd3 28.cxd3 Bd5 29.g4 fxg4 30.f5 Bg8 31.e6+ Ke8 32.f6 gxf6 33.Bxf6 Bxe6 
34.Kd2 b5 35.Ke3 Kd7 36.Be5 a5 37.Bg3 b4 38.cxb4 cxb4 39.axb4 axb4 40.Be5 
b3 41.Kd4 b2 0-1

[Event "zonal 1.4 (w)"]
[Site "Nadole POL"]
[Date "1995.06.??"]
[Round "2"]
[White "Chilingirova, Pavlina"]
[Black "Dojkova, Galina"]
[Result "0-1"]
[WhiteElo "2245"]
[BlackElo "2155"]
[EventDate "1995.06.03"]
[PlyCount "100"]

1.e4 e6 2.d4 d5 3.Nd2 Nf6 4.e5 Nfd7 5.f4 c5 6.c3 Nc6 7.Ndf3 Qb6 8.a3 cxd4 
9.cxd4 a5 10.Ne2 Be7 11.Nc3 O-O 12.Bd3 f6 13.Na4 Qa7 14.Bb1 fxe5 15.fxe5 
Ndxe5 16.dxe5 Nxe5 17.Rf1 Nxf3+ 18.gxf3 Bh4+ 19.Ke2 Qb8 20.f4 e5 21.Qxd5+ 
Kh8 22.f5 b6 23.Nc3 Ba6+ 24.Nb5 Rd8 25.Qb3 Qb7 26.Rg1 a4 27.Qxa4 Rd4 28.
Qb3 Qd7 29.a4 Bxb5+ 30.axb5 Rxa1 31.Be3 Rd5 32.Bd3 Rxg1 33.Bxg1 e4 34.Bxe4
Qxb5+ 35.Qxb5 Rxb5 36.Bd4 Bf6 37.Bd3 Rb4 38.Bc3 Bxc3 39.bxc3 Rb2+ 40.Ke3 
Rxh2 41.Kd4 Rd2 42.Kc4 Rxd3 43.Kxd3 Kg8 44.Kd4 Kf7 45.c4 h5 46.Ke5 h4 47.
Kf4 Kf6 48.Kg4 h3 49.Kxh3 Kxf5 50.Kg3 Ke4 0-1

[Event "zonal 1.4 (w)"]
[Site "Nadole POL"]
[Date "1995.06.??"]
[Round "2"]
[White "Ciganikova, Andrea"]
[Black "Holoubkova, Martina"]
[Result "0-1"]
[WhiteElo "2115"]
[BlackElo "2230"]
[EventDate "1995.06.03"]
[PlyCount "90"]

1.e4 e5 2.Nf3 Nc6 3.d4 exd4 4.Nxd4 Bc5 5.Nxc6 Qf6 6.Qd2 dxc6 7.Bd3 Be6 8.
Qf4 Qxf4 9.Bxf4 O-O-O 10.Nc3 Ne7 11.Bd2 Ng6 12.Rd1 Ne5 13.Be2 Bc4 14.b3 
Bxe2 15.Nxe2 Ng4 16.O-O Rhe8 17.Nc3 Re6 18.h3 Red6 19.Nb1 Ne5 20.Rfe1 Bb4 
21.Re2 c5 22.f4 Ng6 23.g3 h5 24.h4 b5 25.c3 Ba5 26.Rc1 Rd3 27.Kg2 Ne7 28.
Be3 Bb6 29.c4 b4 30.Rce1 Ng8 31.Rd2 Nf6 32.Rxd3 Rxd3 33.Bf2 Ng4 34.Re2 Rd1
35.Nd2 a5 36.Nf3 a4 37.Rd2 Rb1 38.bxa4 Rc1 39.a5 Bxa5 40.Bxc5 b3 41.Rb2 
Rxc4 42.Ba3 bxa2 43.Rxa2 Ra4 44.Nd4 Rxd4 45.Bc5 Rd2+ 0-1

[Event "zonal 1.4 (w)"]
[Site "Nadole POL"]
[Date "1995.06.??"]
[Round "2.1"]
[White "Aleksieva, Silvia"]
[Black "Stefanova, Antoaneta"]
[Result "1/2-1/2"]
[WhiteElo "2255"]
[BlackElo "2365"]
[EventDate "1995.06.03"]
[PlyCount "31"]

1.d4 d5 2.c4 Bf5 3.cxd5 Bxb1 4.Qa4+ c6 5.dxc6 Nxc6 6.Rxb1 e5 7.Nf3 exd4 8.
a3 Bc5 9.g3 Qd5 10.b4 Bb6 11.Bg2 Nf6 12.O-O O-O 13.b5 Na5 14.Bb2 Qc4 15.
Qxc4 Nxc4 16.Rfd1 1/2-1/2

[Event "zonal 1.4 (w)"]
[Site "Nadole POL"]
[Date "1995.06.??"]
[Round "2.2"]
[White "Radu, Elena-Luminita"]
[Black "Repkova, Eva"]
[Result "0-1"]
[WhiteElo "2330"]
[BlackElo "2250"]
[EventDate "1995.06.03"]
[PlyCount "116"]

1.e4 e6 2.d4 d5 3.exd5 exd5 4.Nf3 Nc6 5.Bb5 Bd6 6.c4 dxc4 7.d5 a6 8.Ba4 b5
9.dxc6 bxa4 10.O-O Ne7 11.Qxa4 Be6 12.Nc3 h6 13.Nd2 Nf5 14.Nxc4 Bxh2+ 15.
Kxh2 Qh4+ 16.Kg1 Qxc4 17.Qxc4 Bxc4 18.Re1+ Be6 19.Nd5 O-O-O 20.Ne3 Nd4 21.
b3 Nxc6 22.Bb2 f6 23.Bc3 Rd6 24.Rac1 Rhd8 25.Nf1 Bf5 26.Ne3 Bd3 27.Red1 
Nd4 28.Bxd4 Rxd4 29.Rc3 R8d7 30.Rdc1 f5 31.Kh2 h5 32.Nc4 Bxc4 33.Rxc4 Rxc4
34.Rxc4 Rd2 35.Ra4 Kb7 36.f4 c5 37.Kh3 Kb6 38.g3 Kb5 39.Ra3 a5 40.Ra4 Rd4 
41.Ra3 Rd1 42.Ra4 Rd2 43.Ra3 Rc2 44.Ra4 c4 45.Ra3 c3 46.Ra4 Rc1 47.Rc4 a4 
48.Kh4 c2 49.Kxh5 axb3 50.axb3 Rh1+ 51.Kg6 c1=Q 52.Rxc1 Rxc1 53.Kxf5 Rc7 
54.g4 Kc5 55.Ke6 Kd4 56.f5 Ke4 57.g5 Rc6+ 58.Kd7 Rb6 0-1

[Event "zonal 1.4 (w)"]
[Site "Nadole POL"]
[Date "1995.06.??"]
[Round "2.3"]
[White "Dworakowska, Joanna"]
[Black "Bobrowska, Monika"]
[Result "0-1"]
[WhiteElo "2225"]
[BlackElo "2310"]
[EventDate "1995.06.03"]
[PlyCount "112"]

1.e4 e6 2.d4 d5 3.Nc3 Bb4 4.e5 c5 5.Bd2 Ne7 6.a3 Bxc3 7.Bxc3 b6 8.b4 Qc7 
9.Nf3 cxb4 10.Bxb4 Ba6 11.Bd3 Qc8 12.O-O Nbc6 13.Qe2 Bxd3 14.Qxd3 Nxb4 15.
axb4 Qc4 16.Qxc4 dxc4 17.Ra3 Nd5 18.c3 Nc7 19.Nd2 Nb5 20.Ra6 O-O 21.Nxc4 
Rfc8 22.Nd6 Nxd6 23.exd6 Rxc3 24.Rfa1 Rc6 25.g3 g6 26.Rxa7 Rxa7 27.Rxa7 
Rxd6 28.Rb7 Kg7 29.Kg2 Kf6 30.Kf3 Rxd4 31.Rxb6 Ke5 32.Rb5+ Rd5 33.Rb7 Kf6 
34.Ke3 h6 35.Rc7 Rd1 36.h4 h5 37.Rc4 Ke5 38.Ke2 Rb1 39.Kd3 Rb3+ 40.Kc2 Rf3
41.b5 Rxf2+ 42.Kb3 Rf1 43.Kb4 Kd5 44.Rc8 Rb1+ 45.Ka5 e5 46.Rd8+ Kc5 47.
Rc8+ Kd4 48.Rd8+ Ke3 49.b6 e4 50.Rd5 Kf2 51.Rb5 Ra1+ 52.Kb4 Ra8 53.b7 Rb8 
54.Kc4 e3 55.Kd3 e2 56.Re5 Rd8+ 0-1

[Event "zonal 1.4 (w)"]
[Site "Nadole POL"]
[Date "1995.06.??"]
[Round "2.5"]
[White "Krupkova, Petra"]
[Black "Lakos, Nikoletta"]
[Result "1-0"]
[WhiteElo "2195"]
[BlackElo "2265"]
[EventDate "1995.06.03"]
[PlyCount "69"]

1.d4 Nf6 2.c4 g6 3.Nc3 Bg7 4.e4 O-O 5.f4 d6 6.Nf3 Na6 7.Be2 Bg4 8.O-O e5 
9.dxe5 Bxf3 10.gxf3 Ne8 11.exd6 Nxd6 12.Be3 Re8 13.Bf2 b6 14.Qc2 Bh6 15.e5
Nf5 16.Rfd1 Qc8 17.Nd5 Re6 18.Bd3 Ng7 19.Be4 c6 20.Nf6+ Kh8 21.Bg3 Qf8 22.
a3 Nc5 23.b4 Nxe4 24.fxe4 Nh5 25.Nxh5 gxh5 26.f5 Ree8 27.Kh1 Rad8 28.Qe2 
Rxd1+ 29.Rxd1 Rd8 30.Qxh5 Bg5 31.f6 h6 32.h4 Be3 33.Re1 Bd4 34.Bf4 Kh7 35.
Re2 1-0

[Event "zonal 1.4 (w)"]
[Site "Nadole POL"]
[Date "1995.06.??"]
[Round "2.6"]
[White "Kiss, Fernanda"]
[Black "Nutu-Gajic, Daniela"]
[Result "1/2-1/2"]
[WhiteElo "2170"]
[BlackElo "2320"]
[EventDate "1995.06.03"]
[PlyCount "127"]

1.e4 c5 2.Nf3 d6 3.d4 Nf6 4.dxc5 Qa5+ 5.Bd2 Qxc5 6.Nc3 a6 7.Bd3 e6 8.O-O 
Be7 9.Be3 Qc7 10.Nd4 b5 11.f4 b4 12.Nce2 Bb7 13.Ng3 Nbd7 14.Nh5 O-O 15.
Nxf6+ Nxf6 16.Qf3 h5 17.h3 h4 18.Bf2 Rfe8 19.Bxh4 Nxe4 20.Bxe4 Bxe4 21.
Qxe4 Bxh4 22.f5 Bf6 23.fxe6 Bxd4+ 24.Qxd4 Rxe6 25.Rf2 a5 26.Raf1 Rae8 27.
Qd5 Qa7 28.Kh1 f6 29.Re2 Qc5 30.Qxc5 dxc5 31.Rxe6 Rxe6 32.Rf5 Re1+ 33.Kh2 
Rb1 34.Rxc5 Rxb2 35.Rxa5 Rxc2 36.Ra4 Rb2 37.Ra7 Kh7 38.h4 f5 39.Kh3 Kg6 
40.Ra6+ Kf7 41.Ra7+ Kf6 42.Ra5 Rc2 43.Ra4 Rc3+ 44.Kh2 Rc4 45.a3 Rxh4+ 46.
Kg1 Rc4 47.Rxb4 Rc3 48.a4 Ra3 49.g4 fxg4 50.Rxg4 Ra2 51.Rb4 g5 52.Kf1 Kf5 
53.Kg1 g4 54.Kf1 Kg5 55.Kg1 Kh4 56.Rb3 Rxa4 57.Rc3 Ra2 58.Rb3 Ra4 59.Rc3 
Kg5 60.Kg2 Kf4 61.Rb3 Ra2+ 62.Kg1 Re2 63.Rc3 g3 64.Rc8 1/2-1/2

[Event "zonal 1.4 (w)"]
[Site "Nadole POL"]
[Date "1995.06.??"]
[Round "2.7"]
[White "Grabics, Monika"]
[Black "Guzkowska, Magdalena"]
[Result "1-0"]
[WhiteElo "2315"]
[BlackElo "2155"]
[EventDate "1995.06.03"]
[PlyCount "89"]

1.e4 c5 2.Nf3 e6 3.d4 cxd4 4.Nxd4 a6 5.Bd3 Nc6 6.Nxc6 dxc6 7.Nd2 Qc7 8.a4 
e5 9.Nc4 Be6 10.Be3 Bxc4 11.Bxc4 Nf6 12.Qf3 Be7 13.O-O a5 14.Qg3 O-O 15.
Bh6 Ne8 16.Rae1 Bc5 17.Kh1 Kh8 18.Be3 Qe7 19.Bg5 f6 20.Bd2 Nd6 21.Bb3 Rfd8
22.f4 Bd4 23.f5 Bxb2 24.Rf3 Nxe4 25.Qh4 h6 26.Bxh6 gxh6 27.Qxe4 Rd4 28.Qe3
Rh4 29.g3 Rh5 30.Qe4 Rg5 31.Rd3 Rg7 32.Red1 Qb4 33.Qe3 Kh7 34.Rd7 Bd4 35.
Rxg7+ Kxg7 36.Qf3 Qe7 37.Be6 Rd8 38.Rb1 b6 39.Rd1 b5 40.c3 Bb6 41.Rd7 Qxd7
42.Bxd7 Rxd7 43.Qxc6 Rd1+ 44.Kg2 Rd2+ 45.Kf3 1-0

[Event "zonal 1.4 (w)"]
[Site "Nadole POL"]
[Date "1995.06.??"]
[Round "3"]
[White "Stefanova, Antoaneta"]
[Black "Radu, Elena-Luminita"]
[Result "1/2-1/2"]
[WhiteElo "2365"]
[BlackElo "2330"]
[EventDate "1995.06.03"]
[PlyCount "38"]

1.d4 e6 2.c4 d5 3.Nc3 c6 4.Nf3 dxc4 5.a4 Bb4 6.e4 b5 7.Be2 Nf6 8.Qc2 Bb7 
9.O-O a6 10.Bg5 h6 11.Bh4 Qb6 12.Rad1 Nbd7 13.Ne5 O-O 14.f4 Rfe8 15.Nxf7 
Kxf7 16.e5 Be7 17.exf6 Nxf6 18.f5 e5 19.a5 Qa7 1/2-1/2

[Event "zonal 1.4 (w)"]
[Site "Nadole POL"]
[Date "1995.06.??"]
[Round "3"]
[White "Holoubkova, Martina"]
[Black "Grabics, Monika"]
[Result "1-0"]
[WhiteElo "2230"]
[BlackElo "2315"]
[EventDate "1995.06.03"]
[PlyCount "49"]

1.d4 d5 2.Nf3 c5 3.e3 Nc6 4.c4 cxd4 5.exd4 Bg4 6.cxd5 Qxd5 7.Nc3 Qe6+ 8.
Be3 Bxf3 9.gxf3 Rd8 10.d5 Qf6 11.Qa4 e5 12.dxc6 bxc6 13.Bc4 Ne7 14.Nb5 Rd7
15.Rd1 Rxd1+ 16.Qxd1 cxb5 17.Bxb5+ Nc6 18.Qd5 Bb4+ 19.Ke2 O-O 20.Qxc6 Qh4 
21.Qc4 Qe7 22.Rd1 a5 23.a3 Bd6 24.Qc6 Rd8 25.Bb6 1-0

[Event "zonal 1.4 (w)"]
[Site "Nadole POL"]
[Date "1995.06.??"]
[Round "3"]
[White "Peptan, Corina-Isabela"]
[Black "Repkova, Eva"]
[Result "1-0"]
[WhiteElo "2295"]
[BlackElo "2250"]
[EventDate "1995.06.03"]
[PlyCount "79"]

1.e4 e6 2.d4 d5 3.Nc3 Nf6 4.Bg5 Be7 5.e5 Nfd7 6.Bxe7 Qxe7 7.f4 a6 8.Nf3 c5
9.dxc5 Nc6 10.Qd2 Nxc5 11.Bd3 b5 12.O-O Bd7 13.Kh1 b4 14.Ne2 f5 15.exf6 
Qxf6 16.Ned4 Nxd4 17.Nxd4 O-O 18.Rae1 a5 19.Rf3 Rae8 20.Re5 g6 21.Qe1 Na4 
22.b3 Nc3 23.a4 Kh8 24.h4 Rf7 25.Kh2 Bc8 26.g3 Rc7 27.Rfe3 Rce7 28.Bb5 Rg8
29.Nxe6 Ne4 30.Ng5 Rc7 31.Nxe4 dxe4 32.Bc4 Rf8 33.R3xe4 Bd7 34.Re2 Ra8 35.
Qa1 Qg7 36.Qd4 h6 37.Qd6 Rc6 38.Qd5 Rac8 39.Re7 Rc5 40.Qxd7 1-0

[Event "zonal 1.4 (w)"]
[Site "Nadole POL"]
[Date "1995.06.??"]
[Round "3"]
[White "Olarasu, Gabriela"]
[Black "Dworakowska, Joanna"]
[Result "0-1"]
[WhiteElo "2270"]
[BlackElo "2225"]
[EventDate "1995.06.03"]
[PlyCount "66"]

1.d4 Nf6 2.c4 g6 3.Nc3 Bg7 4.e4 d6 5.f3 O-O 6.Be3 Nc6 7.Nge2 a6 8.Qd2 Rb8 
9.Rb1 e5 10.d5 Ne7 11.c5 Nd7 12.cxd6 cxd6 13.g4 f5 14.gxf5 gxf5 15.Bh6 f4 
16.Bxg7 Kxg7 17.h4 Nf6 18.Nd1 Kh8 19.Rc1 b5 20.Qc3 Rb7 21.Nf2 b4 22.Qb3 
Bd7 23.Bh3 Be8 24.Be6 Qa5 25.Kf1 Ba4 26.Qc4 Nh5 27.Nd3 Bb5 28.Qb3 Qb6 29.
Bg4 Ng3+ 30.Nxg3 fxg3 31.Kg2 Bxd3 32.Qxd3 Qf2+ 33.Kh3 Ng6 0-1

[Event "zonal 1.4 (w)"]
[Site "Nadole POL"]
[Date "1995.06.??"]
[Round "3"]
[White "Chilingirova, Pavlina"]
[Black "Ptacnikova, Lenka"]
[Result "0-1"]
[WhiteElo "2245"]
[BlackElo "2185"]
[EventDate "1995.06.03"]
[PlyCount "124"]

1.c4 e5 2.Nc3 Nc6 3.g3 g6 4.Bg2 Bg7 5.e3 d6 6.Nge2 f5 7.d3 Nf6 8.Qd2 O-O 
9.O-O Be6 10.Nd5 Rb8 11.f4 Ne7 12.Nxe7+ Qxe7 13.b3 exf4 14.Nxf4 Ne4 15.
Bxe4 fxe4 16.d4 g5 17.Nxe6 Rxf1+ 18.Kxf1 Qxe6 19.Bb2 Rf8+ 20.Kg1 Qf5 21.d5
Bxb2 22.Qxb2 Qf3 23.Qd2 h5 24.Qe1 Rf7 25.Rc1 h4 26.Rc2 hxg3 27.hxg3 g4 28.
Rh2 a5 29.Rh4 Kg7 30.Rh2 Kg8 31.Rh4 Rf5 32.Rh2 b5 33.Rd2 Rh5 34.Rh2 Rf5 
35.Rd2 bxc4 36.bxc4 a4 37.a3 Rh5 38.Rh2 Rf5 39.Rd2 Rf7 40.Qf2 Qxf2+ 41.
Rxf2 Rf3 42.Kg2 Rxe3 43.Rf4 Rxa3 44.Rxg4+ Kf7 45.Rf4+ Kg6 46.c5 Re3 47.
cxd6 cxd6 48.Rf8 Rd3 49.Re8 Rd2+ 50.Kh3 Kf5 51.g4+ Kf4 52.Rf8+ Ke3 53.Ra8 
Rxd5 54.Rxa4 Kf3 55.Ra8 e3 56.Rf8+ Ke2 57.Kg3 Kd2 58.Ra8 e2 59.Ra2+ Ke3 
60.Ra3+ Rd3 61.Ra1 Rd1 62.Ra3+ Ke4 0-1

[Event "zonal 1.4 (w)"]
[Site "Nadole POL"]
[Date "1995.06.??"]
[Round "3"]
[White "Leszner, Liliana"]
[Black "Ciganikova, Andrea"]
[Result "1/2-1/2"]
[WhiteElo "2205"]
[BlackElo "2115"]
[EventDate "1995.06.03"]
[PlyCount "46"]

1.e4 c5 2.Nf3 Nc6 3.d4 cxd4 4.Nxd4 Nf6 5.Nc3 e5 6.Ndb5 d6 7.Bg5 a6 8.Na3 
b5 9.Nd5 Be7 10.Bxf6 Bxf6 11.c3 O-O 12.Nc2 Rb8 13.a3 Bg5 14.Be2 Be6 15.
Nce3 Ne7 16.Nxe7+ Qxe7 17.Nd5 Qb7 18.h4 Bh6 19.Bf3 Bxd5 20.Qxd5 Qxd5 21.
exd5 Rfc8 22.O-O a5 23.Be2 Rc5 1/2-1/2

[Event "zonal 1.4 (w)"]
[Site "Nadole POL"]
[Date "1995.06.??"]
[Round "3"]
[White "Dojkova, Galina"]
[Black "Guzkowska, Magdalena"]
[Result "0-1"]
[WhiteElo "2155"]
[BlackElo "2155"]
[EventDate "1995.06.03"]
[PlyCount "54"]

1.e4 c5 2.Nf3 e6 3.d4 cxd4 4.Nxd4 a6 5.Bd3 Nc6 6.Nb3 Nf6 7.Nc3 d6 8.O-O b5
9.f4 Be7 10.Qf3 Bd7 11.Be3 O-O 12.g4 Nb4 13.g5 Ne8 14.Qh5 Nxd3 15.cxd3 g6 
16.Qh6 f5 17.Nd4 Ng7 18.exf5 Nxf5 19.Nxf5 Rxf5 20.Ne4 Bc6 21.Bd4 e5 22.
fxe5 Bxe4 23.dxe4 Rxg5+ 24.Kh1 dxe5 25.Bg1 Qd3 26.Rae1 Rc8 27.Rf2 Rc1 0-1

[Event "zonal 1.4 (w)"]
[Site "Nadole POL"]
[Date "1995.06.??"]
[Round "4"]
[White "Repkova, Eva"]
[Black "Stefanova, Antoaneta"]
[Result "0-1"]
[WhiteElo "2250"]
[BlackElo "2365"]
[EventDate "1995.06.03"]
[PlyCount "92"]

1.e4 e5 2.Nf3 Nf6 3.Nxe5 d6 4.Nf3 Nxe4 5.Qe2 Qe7 6.d3 Nf6 7.Bg5 Nbd7 8.Nc3
h6 9.Bd2 Nb6 10.Nb5 Nbd5 11.c4 a6 12.Nbd4 Nb6 13.Ba5 d5 14.Ne5 dxc4 15.
dxc4 Ng4 16.Ndf3 Nxe5 17.Nxe5 Be6 18.O-O-O Rd8 19.f4 Rxd1+ 20.Qxd1 Qf6 21.
Qf3 Bd6 22.Nd3 Nxc4 23.Bc3 Qg6 24.Be2 c6 25.b3 Ba3+ 26.Kc2 Nd6 27.g4 Bd5 
28.Qe3+ Qe4 29.Qxe4+ Bxe4 30.Re1 O-O 31.b4 c5 32.Be5 c4 33.Bxd6 cxd3+ 34.
Kb3 Rd8 35.Be7 Rd7 36.Kxa3 dxe2 37.Bc5 Rd2 38.Bf2 Bd5 39.Ra1 b5 40.Be1 Rc2
41.Bf2 Kf8 42.g5 h5 43.f5 f6 44.h4 Ke8 45.Bd4 Rxa2+ 46.Rxa2 e1=Q 0-1

[Event "zonal 1.4 (w)"]
[Site "Nadole POL"]
[Date "1995.06.??"]
[Round "4"]
[White "Peptan, Corina-Isabela"]
[Black "Bobrowska, Monika"]
[Result "0-1"]
[WhiteElo "2295"]
[BlackElo "2310"]
[EventDate "1995.06.03"]
[PlyCount "73"]

1.e4 e6 2.d4 d5 3.Nd2 Nf6 4.e5 Nfd7 5.Ndf3 c5 6.c3 Nc6 7.Bd3 Qb6 8.Ne2 
cxd4 9.cxd4 f6 10.exf6 Nxf6 11.O-O Bd6 12.Bd2 O-O 13.Bc3 Bd7 14.Ng3 Kh8 
15.Ne5 Be8 16.Bc2 Bxe5 17.dxe5 Nd7 18.Qg4 Ncxe5 19.Qh4 Bg6 20.Ba4 Nc6 21.
Rae1 Rae8 22.Qh3 d4 23.Bxc6 bxc6 24.Bxd4 Qxd4 25.Rd1 Qxb2 26.Rxd7 Qxa2 27.
Qh4 e5 28.Qb4 Qa6 29.Rc1 Qa2 30.Qc5 a5 31.h4 Qb2 32.Rcd1 Qb5 33.Qa7 e4 34.
h5 e3 35.hxg6 exf2+ 36.Kh2 Qg5 37.Nf1 0-1

[Event "zonal 1.4 (w)"]
[Site "Nadole POL"]
[Date "1995.06.??"]
[Round "4"]
[White "Veroci, Zsuzsa"]
[Black "Holoubkova, Martina"]
[Result "1-0"]
[WhiteElo "2305"]
[BlackElo "2230"]
[EventDate "1995.06.03"]
[PlyCount "69"]

1.e4 e5 2.Nf3 d6 3.d4 Nf6 4.Nc3 Nbd7 5.Bc4 Be7 6.O-O O-O 7.a4 c6 8.Qe2 
exd4 9.Nxd4 Re8 10.Ba2 Bf8 11.Qf3 Ne5 12.Qg3 Ng6 13.Bg5 h6 14.Bxh6 d5 15.
Bg5 dxe4 16.Rad1 Qd6 17.Qxd6 Bxd6 18.Bxf6 gxf6 19.Nxc6 Bxh2+ 20.Kxh2 bxc6 
21.Rd6 Ne5 22.Nxe4 Ng4+ 23.Kg1 Rxe4 24.f3 Rxa4 25.Bb3 Ne3 26.Re1 Rb4 27.
Rd8+ Kg7 28.Rxe3 Bb7 29.Rd7 Kg6 30.Ree7 Rb8 31.Rxf7 c5 32.Rg7+ Kf5 33.Rc7 
Rb5 34.Kf2 a5 35.Bc4 1-0

[Event "zonal 1.4 (w)"]
[Site "Nadole POL"]
[Date "1995.06.??"]
[Round "4"]
[White "Ptacnikova, Lenka"]
[Black "Nutu-Gajic, Daniela"]
[Result "0-1"]
[WhiteElo "2185"]
[BlackElo "2320"]
[EventDate "1995.06.03"]
[PlyCount "80"]

1.c4 c5 2.Nc3 g6 3.g3 Bg7 4.Bg2 Nc6 5.e3 Nh6 6.Nge2 Nf5 7.a3 Rb8 8.Rb1 Ne5
9.d3 b6 10.e4 Bb7 11.O-O Nd6 12.b4 cxb4 13.axb4 f5 14.c5 Ndf7 15.d4 Ng4 
16.exf5 Bxg2 17.Kxg2 bxc5 18.f3 cxb4 19.fxg6 hxg6 20.fxg4 bxc3 21.Qd3 Rxb1
22.Qxb1 Qa8+ 23.Kg1 Qd5 24.Qd3 Qe6 25.Nxc3 Qxg4 26.Ne2 Nd6 27.Bf4 Nf5 28.
Qc4 Bf6 29.Rb1 Kf8 30.Rb8+ Kg7 31.Rxh8 Kxh8 32.Kf2 Kg7 33.Qd5 Qh3 34.Kg1 
Qh5 35.Qg2 Nxd4 36.g4 Qb5 37.Nc1 Ne6 38.Be3 Qc4 39.g5 Bd4 40.Qh3 Qxc1+ 0-1

[Event "zonal 1.4 (w)"]
[Site "Nadole POL"]
[Date "1995.06.??"]
[Round "4"]
[White "Olarasu, Gabriela"]
[Black "Dojkova, Galina"]
[Result "1-0"]
[WhiteElo "2270"]
[BlackElo "2155"]
[EventDate "1995.06.03"]
[PlyCount "101"]

1.Nf3 c5 2.c4 b6 3.g3 Bb7 4.Bg2 g6 5.d4 cxd4 6.Qxd4 Nf6 7.Nc3 Bg7 8.O-O 
O-O 9.Qh4 d6 10.Bh6 Nbd7 11.Nd5 e6 12.Bxg7 Kxg7 13.Nxf6 Nxf6 14.Rfd1 Rc8 
15.Qd4 Qc7 16.b3 Rfd8 17.Qb2 a6 18.Ne1 Bxg2 19.Nxg2 b5 20.Rac1 b4 21.g4 
Qc5 22.Rd3 Qe5 23.Qxe5 dxe5 24.Ne3 Ne4 25.Rxd8 Rxd8 26.Rc2 Nc3 27.g5 Rd4 
28.f3 f6 29.gxf6+ Kxf6 30.Kf2 Kg5 31.a3 a5 32.axb4 axb4 33.Ke1 e4 34.Rd2 
Rxd2 35.Kxd2 exf3 36.exf3 Kf4 37.Nc2 Kxf3 38.Nxb4 Ne4+ 39.Kc2 Nf6 40.Nd3 
Ke4 41.Kc3 g5 42.b4 h5 43.b5 Nd7 44.c5 Kd5 45.Kb4 e5 46.c6 Nb6 47.Ka5 Nc4+
48.Ka6 e4 49.c7 Nd6 50.Nb4+ Kc5 51.b6 1-0

[Event "zonal 1.4 (w)"]
[Site "Nadole POL"]
[Date "1995.06.??"]
[Round "4"]
[White "Ciganikova, Andrea"]
[Black "Chilingirova, Pavlina"]
[Result "0-1"]
[WhiteElo "2115"]
[BlackElo "2245"]
[EventDate "1995.06.03"]
[PlyCount "92"]

1.e4 c5 2.Nf3 d6 3.d4 cxd4 4.Nxd4 Nf6 5.Nc3 a6 6.Be2 e6 7.O-O Be7 8.a4 Nc6
9.Be3 Qc7 10.f4 O-O 11.Kh1 Nxd4 12.Bxd4 e5 13.Be3 exf4 14.Bxf4 Be6 15.Bd3 
Nd7 16.Qd2 Ne5 17.Bxe5 dxe5 18.Nd5 Bxd5 19.exd5 g6 20.c3 f5 21.Rad1 Bd6 
22.Bc2 Rad8 23.Rde1 Kh8 24.Re3 e4 25.Rh3 Qg7 26.Qh6 Qxh6 27.Rxh6 Be5 28.c4
Rc8 29.b3 b5 30.axb5 axb5 31.Rh3 bxc4 32.bxc4 Rxc4 33.Bb3 Rb4 34.Bd1 Rd8 
35.Rb3 Rd4 36.Rb5 R4xd5 37.Rxd5 Rxd5 38.g3 Kg7 39.Re1 Rd2 40.Ba4 h5 41.Rb1
h4 42.Rb3 Kh6 43.Be8 h3 44.Rb1 e3 45.Re1 Rb2 46.Kg1 Bc3 0-1

[Event "zonal 1.4 (w)"]
[Site "Nadole POL"]
[Date "1995.06.??"]
[Round "5"]
[White "Aleksieva, Silvia"]
[Black "Grabics, Monika"]
[Result "1-0"]
[WhiteElo "2255"]
[BlackElo "2315"]
[EventDate "1995.06.03"]
[PlyCount "103"]

1.e4 c5 2.Nf3 Nc6 3.d4 cxd4 4.Nxd4 Nf6 5.Nc3 d6 6.Bg5 e6 7.Qd2 a6 8.O-O-O 
Bd7 9.f4 b5 10.Bxf6 gxf6 11.Kb1 Qb6 12.Nf3 O-O-O 13.g3 Kb8 14.f5 Qc5 15.
Bh3 Ne5 16.Nd4 Nc4 17.Qd3 Rc8 18.fxe6 fxe6 19.Nce2 Qb4 20.Nb3 h5 21.Nf4 
Re8 22.c3 Qa4 23.Nd4 Ne5 24.Qe2 Ng4 25.Nxh5 Rxh5 26.Qxg4 Rh7 27.Bg2 e5 28.
Nf5 Bxf5 29.Qxf5 Rxh2 30.Qd7 Rc8 31.b3 Rxh1 32.bxa4 Rxd1+ 33.Kc2 Rd4 34.
axb5 axb5 35.Bh3 Rc7 36.Qxb5+ Ka7 37.Qa5+ Kb7 38.Be6 Bh6 39.Bd5+ Kc8 40.
Qb5 Rd2+ 41.Kb3 Kd8 42.Qb8+ Kd7 43.a4 Rxd5 44.exd5 Bd2 45.c4 e4 46.Qg8 e3 
47.Qe6+ Kd8 48.Qxd6+ Rd7 49.Qxf6+ Ke8 50.Kc2 Rf7 51.Qc6+ Kd8 52.d6 1-0

[Event "zonal 1.4 (w)"]
[Site "Nadole POL"]
[Date "1995.06.??"]
[Round "5"]
[White "Krupkova, Petra"]
[Black "Peptan, Corina-Isabela"]
[Result "1/2-1/2"]
[WhiteElo "2195"]
[BlackElo "2295"]
[EventDate "1995.06.03"]
[PlyCount "57"]

1.c4 c5 2.Nc3 g6 3.e3 Nf6 4.d4 Bg7 5.Nf3 O-O 6.dxc5 Na6 7.Qc2 Nxc5 8.b4 
Na6 9.a3 d5 10.Bb2 Bf5 11.Qb3 dxc4 12.Bxc4 Rc8 13.Rc1 Ne4 14.Nxe4 Bxb2 15.
Qxb2 Bxe4 16.O-O Bxf3 17.gxf3 e6 18.f4 Nb8 19.Rfd1 Qe7 20.Be2 Nd7 21.Rxc8 
Rxc8 22.Qd4 Nb6 23.Bf3 Rc7 24.Qd8+ Qxd8 25.Rxd8+ Kg7 26.Rb8 Nc4 27.Rxb7 
Rxb7 28.Bxb7 Nxa3 29.Be4 1/2-1/2

[Event "zonal 1.4 (w)"]
[Site "Nadole POL"]
[Date "1995.06.??"]
[Round "5"]
[White "Holoubkova, Martina"]
[Black "Dworakowska, Joanna"]
[Result "1-0"]
[WhiteElo "2230"]
[BlackElo "2225"]
[EventDate "1995.06.03"]
[PlyCount "87"]

1.d4 Nf6 2.c4 g6 3.Nc3 Bg7 4.e4 d6 5.f4 O-O 6.Nf3 Na6 7.Be2 e5 8.fxe5 dxe5
9.d5 c6 10.O-O Qb6+ 11.Kh1 cxd5 12.cxd5 Ne8 13.Na4 Qd8 14.Be3 Nd6 15.Nc3 
b6 16.Nd2 f5 17.b4 Nc7 18.Nc4 Bb7 19.Bg5 Qd7 20.Nxd6 Qxd6 21.Qb3 f4 22.Be7
Qxe7 23.d6+ Qe6 24.Bc4 Nd5 25.Nxd5 Qxd6 26.Nxb6+ Kh8 27.Nxa8 Bxe4 28.Rad1 
Qb8 29.Bd5 Bxd5 30.Qxd5 g5 31.Rd3 Qxa8 32.Qxa8 Rxa8 33.Rfd1 Bf6 34.Rd6 Kg7
35.b5 e4 36.Re6 e3 37.g3 Rc8 38.gxf4 gxf4 39.Rd7+ Kg6 40.Rdd6 Kg5 41.Rxf6 
e2 42.Rfe6 Rc1+ 43.Kg2 e1=Q 44.Rd5+ 1-0

[Event "zonal 1.4 (w)"]
[Site "Nadole POL"]
[Date "1995.06.??"]
[Round "5"]
[White "Leszner, Liliana"]
[Black "Repkova, Eva"]
[Result "1-0"]
[WhiteElo "2205"]
[BlackElo "2250"]
[EventDate "1995.06.03"]
[PlyCount "83"]

1.Nf3 Nf6 2.g3 g6 3.b3 Bg7 4.Bb2 O-O 5.Bg2 d6 6.d4 c6 7.O-O Bf5 8.Nh4 Bg4 
9.h3 Be6 10.Nd2 d5 11.Ndf3 Ne4 12.Ne5 Ng5 13.Kh2 Qc8 14.f4 Ne4 15.c4 Nd7 
16.cxd5 Bxd5 17.Qd3 f5 18.Ba3 Qe8 19.g4 Nxe5 20.dxe5 Qf7 21.Qe3 Kh8 22.Bf3
Qe6 23.Bb2 Bh6 24.gxf5 gxf5 25.Rg1 Rg8 26.Raf1 Rg7 27.Rxg7 Bxg7 28.Rg1 a6 
29.Bg2 Rg8 30.Nf3 c5 31.Nh4 b6 32.Rd1 Bh6 33.Bf3 Bc6 34.Bh5 Rg3 35.Rd8+ 
Kg7 36.Nxf5+ Qxf5 37.e6+ Qf6 38.Bxf6+ Kxf6 39.Bf3 Kxe6 40.Rd1 Kf7 41.Rg1 
Rxg1 42.Kxg1 1-0

[Event "zonal 1.4 (w)"]
[Site "Nadole POL"]
[Date "1995.06.??"]
[Round "5"]
[White "Chilingirova, Pavlina"]
[Black "Kiss, Fernanda"]
[Result "1/2-1/2"]
[WhiteElo "2245"]
[BlackElo "2170"]
[EventDate "1995.06.03"]
[PlyCount "136"]

1.Nf3 d5 2.g3 Nf6 3.Bg2 Bf5 4.d3 e6 5.O-O Be7 6.Nbd2 c5 7.Re1 Nc6 8.c4 O-O
9.Nh4 Bg6 10.Nxg6 hxg6 11.cxd5 Nxd5 12.Ne4 Rc8 13.Nc3 Bf6 14.Bd2 Qd7 15.
Rc1 b6 16.a3 Rfd8 17.Nxd5 exd5 18.Bc3 Bxc3 19.Rxc3 Re8 20.Qa4 Qd6 21.Bh3 
Rcd8 22.b4 Nd4 23.bxc5 bxc5 24.Qd1 Qe5 25.Rc1 Nxe2+ 26.Kg2 Qg5 27.Qa4 Re7 
28.Qg4 Qxg4 29.Bxg4 Nxc1 30.Rxe7 Nxd3 31.Rxa7 c4 32.Rc7 Nb2 33.Be2 Na4 34.
Bf3 Nc3 35.Rc5 Kf8 36.Kf1 Ke7 37.Ke1 Kd6 38.Ra5 d4 39.h4 Rd7 40.Kd2 Rd8 
41.Kc2 Rb8 42.Ra6+ Kc5 43.Rc6+ Kb5 44.Rd6 Nb1 45.Rxd4 Nxa3+ 46.Kc1 Kb4 47.
Re4 f5 48.Re7 Rb6 49.Ra7 Kb3 50.Bd1+ Ka2 51.Be2 Kb3 52.Bd1+ Ka2 53.Be2 
Rb1+ 54.Kd2 Rb2+ 55.Ke3 Rb3+ 56.Kd4 c3 57.Bd1 Rb1 58.Kxc3 Rxd1 59.Rxg7 Rd6
60.h5 gxh5 61.Rg5 Nb1+ 62.Kb4 Rf6 63.Rxh5 Nd2 64.Rh4 Nf3 65.Rf4 Ne5 66.Kc3
Ng4 67.f3 Ne5 68.g4 Rc6+ 1/2-1/2

[Event "zonal 1.4 (w)"]
[Site "Nadole POL"]
[Date "1995.06.??"]
[Round "5"]
[White "Guzkowska, Magdalena"]
[Black "Ptacnikova, Lenka"]
[Result "1/2-1/2"]
[WhiteElo "2155"]
[BlackElo "2185"]
[EventDate "1995.06.03"]
[PlyCount "96"]

1.d4 Nf6 2.c4 e6 3.Nc3 Bb4 4.Qc2 c5 5.e3 cxd4 6.exd4 d5 7.a3 Be7 8.Nf3 Nc6
9.Be3 O-O 10.c5 b6 11.Bb5 Bb7 12.Bxc6 Bxc6 13.Ne5 Rc8 14.b4 bxc5 15.Nxc6 
Rxc6 16.bxc5 Ng4 17.O-O Qc7 18.g3 Nxe3 19.fxe3 f5 20.Na2 a5 21.Qd3 g6 22.
Nc3 Bf6 23.Rab1 Qd7 24.Rb5 e5 25.dxe5 Bxe5 26.Qxd5+ Qe6 27.Qxe6+ Rxe6 28.
Na4 Bc7 29.Nb6 Bxb6 30.cxb6 Rb8 31.Rfb1 Kf7 32.Kf2 Ke8 33.Rxa5 Rexb6 34.
Rxb6 Rxb6 35.Ra7 Rb2+ 36.Kg1 Rb1+ 37.Kg2 Rb2+ 38.Kg1 Rb1+ 39.Kg2 Rb2+ 40.
Kh3 g5 41.g4 fxg4+ 42.Kxg4 Rg2+ 43.Kh3 Re2 44.Rxh7 Rxe3+ 45.Kg4 Rxa3 46.
Kxg5 Ra5+ 47.Kg6 Ra6+ 48.Kg7 Ra7+ 1/2-1/2